Focus sur: Tofty - Harry Potter - Statistiques

Statistiques générales
  • Ce quiz a été pris 30 fois
  • Le résultat moyen est 4 sur 5
Statistiques - réponses
Informations recherchées Réponses % Correct
Lieu de rencontre avec Harry Potter Poudlard
92%
"Etat capillaire" Chauve
88%
Profession Examinateur magique
85%
Première apparition Harry Potter et l'Ordre du Phénix
77%
Examen concerné BUSE
73%
Aucun quiz correspondant
Distribution des résultats
% des personnes avec chaque résultat
Percentile par nombre de réponses
Votre historique - résultats
Vous n’avez pas pris ce quiz